NBA Live Covers From 2000-2010 - Statistics

General Stats
  • This quiz has been taken 2,962 times
  • The average score is 5 of 11
Answer Stats
Year Player % Correct
2006 Dwyane Wade
64%
2001 Kevin Garnett
56%
2000 Tim Duncan
54%
2010 Dwight Howard
53%
2005 Carmelo Anthony
48%
2007 Tracy McGrady
48%
2009 Tony Parker
47%
2004 Vince Carter
46%
2003 Jason Kidd
41%
2008 Gilbert Arenas
34%
2002 Steve Francis
16%
No matching quizzes found
Score Distribution
Percent of People with Each Score
Percentile by Number Answered
Your Score History
You have not taken this quiz